|
|
|
|
| LEADER |
00000cam a2200000 4500 |
| 001 |
vtls012076110 |
| 003 |
SK-MaSNL |
| 005 |
20260331212144.0 |
| 008 |
211104s2021 xo e l 000 0 slo |
| 015 |
|
|
|a SNBI2021
|
| 020 |
|
|
|a 9788057104148
|q (brožované)
|
| 040 |
|
|
|a SNK
|b slo
|c SNK
|e rda
|
| 041 |
0 |
|
|a slo
|
| 043 |
|
|
|a e-xo---
|
| 044 |
|
|
|a xo
|c SK
|
| 072 |
|
7 |
|a 347
|x Súkromné právo
|2 konspekt
|
| 080 |
|
|
|a 347.235
|2 2011
|
| 080 |
|
|
|a (094.5)
|2 2011
|
| 080 |
|
|
|a (0.072)
|2 2011
|
| 080 |
|
|
|a (437.6)
|2 2011
|
| 100 |
1 |
|
|a Halama, Ondrej
|4 cwt
|9 445741
|
| 245 |
1 |
0 |
|a Katastrálny zákon
|b komentár
|c Ondrej Halama
|
| 250 |
|
|
|a 2. vydanie
|
| 264 |
|
1 |
|a Bratislava
|b Wolters Kluwer
|c 2021
|
| 300 |
|
|
|a xv, 150 strán
|c 21 cm
|
| 336 |
|
|
|a text
|b txt
|2 rdacontent
|
| 337 |
|
|
|a bez média
|b n
|2 rdamedia
|
| 338 |
|
|
|a zväzok
|b nc
|2 rdacarrier
|
| 490 |
1 |
|
|a Komentáre Wolters Kluwer
|
| 500 |
|
|
|a Obsahuje profesijné údaje o autorovi
|
| 500 |
|
|
|a Obsahuje zoznam použitých skratiek
|
| 500 |
|
|
|a Právny stav publikácie je k 1. 9. 2021
|
| 504 |
|
|
|a Obsahuje bibliografické odkazy
|
| 650 |
0 |
7 |
|a kataster nehnuteľností
|2 SNKPH
|9 2235
|
| 650 |
0 |
7 |
|a Reality land register
|2 SNKPHeng
|9 339566
|
| 651 |
|
7 |
|a Slovensko
|2 SNKPH
|9 14231
|
| 651 |
|
7 |
|a Slovakia
|2 SNKPHeng
|9 92630
|
| 655 |
|
7 |
|a zákony
|2 SNKPH
|9 70186
|
| 655 |
|
7 |
|a komentáre
|2 SNKPH
|9 70412
|
| 655 |
|
7 |
|a Laws
|2 SNKPHeng
|9 266957
|
| 655 |
|
7 |
|a Commentaries
|2 SNKPHeng
|9 275605
|
| 710 |
1 |
2 |
|a Slovensko.
|t Katastrálny zákon (1995, novela 2019)
|9 624692
|
| 830 |
|
0 |
|a Komentáre Wolters Kluwer
|9 328415
|
| 852 |
|
|
|a Štátna vedecká knižnica v Banskej Bystrici
|
| 919 |
|
|
|a 978-80-571-0414-8
|
| 958 |
|
|
|a NB
|
| 999 |
|
|
|c 1041321
|d 1043251
|
| 952 |
|
|
|a SNK
|b SNK
|y PREZ
|7 0
|p 17A1469504
|o snkSC 195510
|i snk2021/19558
|8 0
|0 0
|1 0
|4 0
|d 2021-11-30
|f 1
|l 0
|r 2025-10-15 00:00:00
|w 2026-02-24
|
| 952 |
|
|
|a SNK
|b SNK
|y VYP
|7 0
|p 17A1469503
|o snkSC 195510 D1
|i snk2021/19559
|8 3
|g 18.04
|0 0
|1 0
|4 0
|d 2021-11-30
|l 0
|r 2026-02-24 14:24:10
|w 2026-02-24
|